Business management in fisheries and aquaculture
שמור ב:
| מחבר ראשי: | |
|---|---|
| פורמט: | ספר |
| שפה: | אנגלית |
| יצא לאור: |
Farnham
Fishing News Books
1984
|
| נושאים: | |
| תגים: |
הוספת תג
אין תגיות, היה/י הראשונ/ה לתייג את הרשומה!
|
MARC
| LEADER | 00000nam a2200000 a 4500 | ||
|---|---|---|---|
| 001 | UCV5515 | ||
| 003 | CL-VaPUC | ||
| 008 | 930902e19840000UK |||||||||||||||||eng|d | ||
| 082 | 0 | 4 | |a 639.2068 |b CHA |2 21 |
| 100 | 0 | |a Chaston, Ian |e author |9 299850 | |
| 245 | 1 | 0 | |a Business management in fisheries and aquaculture |
| 300 | |a 128 p | ||
| 942 | |c BK | ||
| 945 | |d 19930902 00:00:00 | ||
| 260 | |a Farnham |b Fishing News Books |c 1984 | ||
| 650 | 7 | |a INDUSTRIA PESQUERA ADMINISTRACION |2 CL-VaPUC |9 261182 | |
| 650 | 0 | |a Acuicultura |9 258883 | |
| 583 | |a last modification |c 19930902 00:00:00 |k Rodrigo Vera | ||
| 999 | |c 212024 |d 212022 | ||
| 952 | |0 0 |1 0 |4 0 |6 639_206800000000000_CHA_1984 |7 0 |8 CCM |9 192306 |a BIBCUR |b BIBCUR |d 2019-11-14 |i 2596776 |o 639.2068 CHA 1984 |p 2596776 |r 2025-04-22 |w 2019-11-14 |y BK |k CIM | ||